000 00217 a2200097 4500
001 11388
100 _aLewis, B.
245 _aThe Middle East and the West
260 _a
_bIndiana University
_c
090 _c8935
_d8935
942 _aNUST-CAE
_cM
_c35750
999 _c246461
_d246461